Mexico of the Mexicans (Record no. 3829)
[ view plain ]
| 000 -CABECERA | |
|---|---|
| campo de control de longitud fija | 00594nam a2200229 a 4500 |
| 001 - NÚMERO DE CONTROL | |
| campo de control | BRCA_4113 |
| 005 - FECHA Y HORA DE LA ÚLTIMA TRANSACCIÓN | |
| campo de control | 20190320204541.0 |
| 008 - DATOS DE LONGITUD FIJA--INFORMACIÓN GENERAL | |
| campo de control de longitud fija | 120410s1917----enka######---#000-0#eng-# |
| 041 ## - CÓDIGO DE LENGUA | |
| Código de lengua del texto/banda sonora o título independiente | eng |
| 044 ## - CÓDIGO DEL PAÍS DE LA ENTIDAD EDITORA/PRODUCTORA | |
| Código MARC del país | enk |
| 050 #4 - SIGNATURA TOPOGRÁFICA DE LA BIBLIOTECA DEL CONGRESO | |
| Número de clasificación | F1208 |
| Número de documento/Ítem | .S63 1917 |
| 100 1# - ENTRADA PRINCIPAL--NOMBRE DE PERSONA | |
| Nombre de persona | Spence, Lewis |
| 9 (RLIN) | 10642 |
| 245 10 - MENCIÓN DE TÍTULO | |
| Título | Mexico of the Mexicans |
| Mención de responsabilidad, etc. | by Lewis Spence. |
| 260 ## - PUBLICACIÓN, DISTRIBUCIÓN, ETC. | |
| Lugar de publicación, distribución, etc. | London |
| Nombre del editor, distribuidor, etc. | Pitman |
| Fecha de publicación, distribución, etc. | 1917 |
| 300 ## - DESCRIPCIÓN FÍSICA | |
| Extensión | vii, 224 p. |
| Otras características físicas | il. |
| Dimensiones | 19 cm. |
| 500 ## - NOTA GENERAL | |
| Nota general | Incluye lista de ilustraciones |
| 500 ## - NOTA GENERAL | |
| Nota general | C141 |
| 504 ## - NOTA DE BIBLIOGRAFÍA, ETC. | |
| Nota de bibliografía, etc. | Bibliografía: p. 225-226 |
| 651 #4 - PUNTO DE ACCESO ADICIONAL DE MATERIA--NOMBRE GEOGRÁFICO | |
| Nombre geográfico | México |
| Subdivisión general | Historia |
| 9 (RLIN) | 614 |
| 902 ## - CATALOGADOR | |
| Iniciales | GFM |
| 942 ## - ELEMENTOS DE PUNTO DE ACCESO ADICIONAL (KOHA) | |
| Fuente del sistema de clasificación o colocación | Library of Congress Classification |
| Tipo de ítem Koha | Libros |
| Estado de retiro | Estado de pérdida | Estado dañado | No para préstamo | Localización permanente | Ubicación/localización actual | Fecha de adquisición | Número de inventario | Total de préstamos | Signatura topográfica completa | Código de barras | Fecha visto por última vez | Precio válido a partir de | Tipo de ítem Koha |
|---|---|---|---|---|---|---|---|---|---|---|---|---|---|
| El ejemplar forma parte de la colección y puede ser consultado según las políticas vigentes. | Biblioteca del Museo Franz Mayer (Rogerio Casas-Alatriste) | Biblioteca del Museo Franz Mayer (Rogerio Casas-Alatriste) | 09/04/2010 | C141 | F1208 .S63 1917 (C141) | 4110 | 22/03/2019 | 22/03/2019 | Libros |